Deutsche Nachbarländer - Sudden Death - Statistiken

Allgemein
  • Dieses Quiz wurde 274 mal gespielt
    273 seit der letzten Aktualisierung
  • Das Durchschnittsergebnis liegt bei 8 aus 9
Answers on the Grid
Answers color-coded by a green-red scale on the quiz's grid according to % correct below.
Polen
Großbritannien
Spanien
Österreich
Tschechien
Finnland
Ungarn
Slowenien
Italien
Niederlande
Frankreich
Portugal
Schweden
Slowenien
Belgien
Kroatien
Andorra
Luxemburg
Litauen
Finnland
Serbien
Rumänien
Dänemark
Ukraine
Bulgarien
Russland
Monaco
Schweiz
 
Antwortstatistiken
Antwort % Korrekt
Polen
96%
Schweiz
96%
Frankreich
93%
Luxemburg
93%
Österreich
93%
Dänemark
92%
Niederlande
90%
Belgien
89%
Tschechien
88%
Keine übereinstimmenden Quizze gefunden
Verteilung der Resultate
Anzahl Personen mit jedem Resultat
Perzentil nach korrekt beantworteten Fragen
Ihre Resultats-Entwicklung
Sie haben dieses Quiz seit der letzten Aktualisierung nicht gespielt